Tahmas nama, the autobiography of a slave. (Record no. 88787)

MARC details
000 -LEADER
fixed length control field 00868cam a2200277 4500
001 - CONTROL NUMBER
control field sa 68019035
003 - CONTROL NUMBER IDENTIFIER
control field DLC
005 - DATE AND TIME OF LATEST TRANSACTION
control field 20260227112716.0
008 - FIXED-LENGTH DATA ELEMENTS--GENERAL INFORMATION
fixed length control field 711008s1967 ii 001 0aeng
010 ## - LIBRARY OF CONGRESS CONTROL NUMBER
LC control number sa 68019035
025 ## - OVERSEAS ACQUISITION NUMBER
Overseas acquisition number PL480:I-E-9963
040 ## - CATALOGING SOURCE
Original cataloging agency DLC
Transcribing agency DLC
Modifying agency DLC
041 1# - LANGUAGE CODE
Language code of text/sound track or separate title engund
043 ## - GEOGRAPHIC AREA CODE
Geographic area code a-ii---
050 00 - LIBRARY OF CONGRESS CALL NUMBER
Classification number DS485.P3
Item number T3
100 0# - MAIN ENTRY--PERSONAL NAME
Personal name Tahmās Khān,
Dates associated with a name approximately 1738-1803.
245 10 - TITLE STATEMENT
Title Tahmas nama, the autobiography of a slave.
Statement of responsibility, etc. Abridged and translated by P. Setu Madhava Rao.
260 ## - PUBLICATION, DISTRIBUTION, ETC.
Place of publication, distribution, etc. Bombay,
Name of publisher, distributor, etc. Popular Prakashan
Date of publication, distribution, etc. [1967]
300 ## - PHYSICAL DESCRIPTION
Extent ix, 160 p.
Dimensions 23 cm.
350 ## - PRICE (NR) (BK AM CF MU VM SE) [OBSOLETE]
Price 20.00
600 00 - SUBJECT ADDED ENTRY--PERSONAL NAME
Personal name Tahmās Khān,
Dates associated with a name approximately 1738-1803.
600 00 - SUBJECT ADDED ENTRY--PERSONAL NAME
Personal name Tahmās Khān,
Dates associated with a name approximately 1738-1803.
650 #0 - SUBJECT ADDED ENTRY--TOPICAL TERM
Topical term or geographic name entry element Slaves
Geographic subdivision Indian
-- Punjab
General subdivision Biography.
651 #0 - SUBJECT ADDED ENTRY--GEOGRAPHIC NAME
Geographic name Punjab (India)
General subdivision History.
700 1# - ADDED ENTRY--PERSONAL NAME
Personal name Pagdi, Setumadhava Rao,
Relator term tr.

No items available.

Powered by Koha